Vybrané údaje o regiónoch v Slovenskej republike za 1. polrok 2001

Salvato in:
Dettagli Bibliografici
Natura: Libro
Lingua:slovacco
inglese
Pubblicazione: Bratislava Štatistický úrad Slovenskej republiky 2001
Tags: Aggiungi Tag
Nessun Tag, puoi essere il primo ad aggiungerne!!

MARC

LEADER 00000nam a2200000 4500
001 c128622
005 20260211104201.9
041 0 |a slo 
041 0 |a eng 
044 |a SK 
245 1 0 |a Vybrané údaje o regiónoch v Slovenskej republike za 1. polrok 2001 
264 1 |a Bratislava  |b Štatistický úrad Slovenskej republiky  |c 2001 
300 |a 75 s.